00498nam a22001577a 450000500170000000800410001702000180005804100130007608200150008910000270010424500680013125000200019926000470021930000480026665000260031420231101083438.0231101b |||||||| |||| 00| 0 eng d a9780702174094 aEnglish  a346.7 KER  aKernick, LA lEnglish  aAdministration of Estates and Drafting of Wills / cLA Kernick  aFourth Edition  aCape Town : bJuta and Company Ltd, c1998 bxvii, 379 pages ; c25, 7 cm. e2 Editions  aLegal practice bLaw